000 00336nam a2200145Ia 4500
008 090122s9999 xx 000 0 und d
082 _b2704
_a823
100 _aJohn
_bDos
_cPassos
245 _aThe 42 th Paralle
600 _aJohn
630 _aThe 42 th Paralle
700 _aJohn
730 _aThe 42 th Paralle
942 _cBOOK
999 _c26782
_d26782